<?xml version="1.0" encoding="UTF-8"?>
<collection xmlns="http://www.loc.gov/MARC21/slim">
 <record>
  <leader>01261nam a2200205Ia 4500</leader>
  <controlfield tag="001">TDMU_22839</controlfield>
  <controlfield tag="008">210410s9999    xx            000 0 und d</controlfield>
  <datafield tag="082" ind1=" " ind2=" ">
   <subfield code="a">344.59709</subfield>
  </datafield>
  <datafield tag="090" ind1=" " ind2=" ">
   <subfield code="b">NG527</subfield>
  </datafield>
  <datafield tag="100" ind1=" " ind2=" ">
   <subfield code="a">Nguyễn, Văn Khang</subfield>
  </datafield>
  <datafield tag="245" ind1=" " ind2="0">
   <subfield code="a">Chính sách ngôn ngữ &amp; lập pháp ngôn ngữ ở Việt Nam</subfield>
  </datafield>
  <datafield tag="260" ind1=" " ind2=" ">
   <subfield code="a">H.</subfield>
  </datafield>
  <datafield tag="260" ind1=" " ind2=" ">
   <subfield code="b">Khoa học xã hội</subfield>
  </datafield>
  <datafield tag="260" ind1=" " ind2=" ">
   <subfield code="c">2014</subfield>
  </datafield>
  <datafield tag="300" ind1=" " ind2=" ">
   <subfield code="a">563 tr.</subfield>
  </datafield>
  <datafield tag="520" ind1=" " ind2=" ">
   <subfield code="a">Tài liệu tham khảo tr. 544-555; Trình bày cơ sở lý thuyết về chính sách ngôn ngữ và lập pháp ngôn ngữ; kinh nghiệm về xây dựng chính sách ngôn ngữ và lập pháp ngôn ngữ của các quốc gia trên thế giới; nhìn lại chính sách ngôn ngữ và lập pháp ngôn ngữ của Việt Nam và những vấn đề đặt ra trong giai đoạn hiện nay</subfield>
  </datafield>
  <datafield tag="650" ind1=" " ind2=" ">
   <subfield code="a">Ngôn ngữ</subfield>
   <subfield code="x">Chính sách</subfield>
   <subfield code="z">Việt Nam; Ngôn ngữ</subfield>
   <subfield code="x">Lập pháp</subfield>
   <subfield code="z">Việt Nam; Luật ngôn ngữ</subfield>
  </datafield>
  <datafield tag="700" ind1=" " ind2=" ">
   <subfield code="a">Viện Hàn lâm Khoa học Xã hội Việt Nam</subfield>
  </datafield>
  <datafield tag="856" ind1=" " ind2=" ">
   <subfield code="u">http://lrc.tdmu.edu.vn/opac/search/detail.asp?aID=2&amp;ID=22839</subfield>
  </datafield>
  <datafield tag="980" ind1=" " ind2=" ">
   <subfield code="a">Trung tâm Học liệu Trường Đại học Thủ Dầu Một</subfield>
  </datafield>
 </record>
</collection>
